| 000 | 00451nam a2200205Ia 4500 | ||
|---|---|---|---|
| 001 | 14216 | ||
| 003 | GE_BSU | ||
| 008 | 181216s||||||||xx |||||||||||||| ||und|| | ||
| 020 | _a9781444710359 | ||
| 040 | _cGE_BSU | ||
| 080 | _a615 | ||
| 100 | _aDukan, Dr. Pierre | ||
| 245 | 4 | _aThe Dukan Diet Recipe Book | |
| 260 | _aLondon | ||
| 260 | _bHodder & Stoughton | ||
| 260 | _c2010 | ||
| 300 | _a390p.21cm. | ||
| 653 | _aThe Dukan Diet | ||
| 942 | _cBK | ||
| 999 |
_c47355 _d47355 |
||